| 000 | 00482nam a2200169Ia 4500 | ||
|---|---|---|---|
| 999 |
_c12919 _d12919 |
||
| 082 | _a307.720954 ABR-; | ||
| 100 | _aAbraham, M. Francis | ||
| 245 | 0 | _aDynamics of leadership in village India | |
| 260 |
_aAllahabad _bIndian International Publications _c1974 |
||
| 300 | _a116p. | ||
| 500 | _aIncludes bibliography | ||
| 650 | _aIndia - Rural conditions | ||
| 650 | _aLeadership | ||
| 650 | _aSociology, Rural - India | ||
| 650 | _aSocial psychology - India | ||
| 942 |
_cBK _2ddc |
||